[Event "32nd NED-ch"]
[Site "Leeuwarden NED"]
[Date "1976.04.15"]
[Round "1"]
[White "Enklaar, Bertus"]
[Black "Hartoch, Robert"]
[Result "1/2-1/2"]
[WhiteElo "2410"]
[BlackElo "2365"]
[EventDate "1976.04.15"]
[PlyCount "98"]

1.e4 g6 2.d4 Bg7 3.c4 c5 4.Nf3 Qa5+ 5.Nc3 Nf6 6.Bd3 cxd4 7.Nxd4 Nc6 8.Nb3 
Qd8 9.Be3 O-O 10.O-O d6 11.h3 b6 12.f4 Bb7 13.a3 Nd7 14.Bc2 Rc8 15.Rf2 Nc5
16.Nd4 Nxd4 17.Bxd4 e5 18.fxe5 Ne6 19.Be3 Bxe5 20.Bd3 Qh4 21.Qd2 Bxc3 22.
Qxc3 Bxe4 23.Bxe4 Qxe4 24.Bh6 Qxc4 25.Qxc4 Rxc4 26.Bxf8 Kxf8 27.Rd1 Ke7 
28.Rfd2 Rc6 29.Rd5 Nc7 30.R5d4 d5 31.R1d2 Re6 32.g4 Re5 33.Kg2 Ne6 34.Ra4 
a5 35.h4 d4 36.b4 h6 37.bxa5 bxa5 38.Kf3 g5 39.hxg5 hxg5 40.Re2 Rd5 41.Rb2
Kf6 42.Rc4 Re5 43.Re2 Rb5 44.a4 Rb3+ 45.Kf2 Ra3 46.Re4 Ra2+ 47.Ke1 Ra1+ 
48.Kf2 Ra2+ 49.Ke1 Ra1+ 1/2-1/2

[Event "32nd NED-ch"]
[Site "Leeuwarden NED"]
[Date "1976.04.15"]
[Round "1"]
[White "Ree, Hans"]
[Black "Ligterink, Gert"]
[Result "1-0"]
[WhiteElo "2420"]
[BlackElo "2400"]
[EventDate "1976.04.15"]
[PlyCount "61"]

1.c4 Nf6 2.Nc3 g6 3.e4 d6 4.d4 Bg7 5.f4 O-O 6.Nf3 c5 7.d5 b5 8.e5 Nfd7 9.
Nxb5 dxe5 10.Bd3 a6 11.Nc3 Qc7 12.f5 Nf6 13.Qc2 gxf5 14.Bxf5 e6 15.dxe6 
fxe6 16.Bd3 Nc6 17.O-O Nb4 18.Qe2 Nxd3 19.Qxd3 Bb7 20.Ng5 h6 21.Rxf6 hxg5 
22.Rxf8+ Rxf8 23.Qg3 Qd8 24.Bxg5 Qd4+ 25.Be3 Qxc4 26.Rd1 e4 27.Bh6 Rf7 28.
Bxg7 Rxg7 29.Rd8+ Kh7 30.Qh3+ Kg6 31.Qg4+ 1-0

[Event "32nd NED-ch"]
[Site "Leeuwarden NED"]
[Date "1976.04.15"]
[Round "1"]
[White "Witt, Rob"]
[Black "Donner, Jan"]
[Result "0-1"]
[WhiteElo "2260"]
[BlackElo "2475"]
[EventDate "1976.04.15"]
[PlyCount "60"]

1.d4 Nf6 2.c4 e6 3.Nf3 d5 4.Nc3 Be7 5.Bg5 O-O 6.e3 h6 7.Bh4 b6 8.Rc1 Bb7 
9.Bxf6 Bxf6 10.cxd5 exd5 11.Bd3 c5 12.dxc5 bxc5 13.O-O Nd7 14.Be2 Rb8 15.
Qc2 d4 16.exd4 cxd4 17.Na4 Qa5 18.b3 Rfe8 19.Rcd1 Re4 20.Qd2 Qc7 21.Rfe1 
Ne5 22.Nxe5 Bxe5 23.h3 Bf4 24.Qd3 Rbe8 25.Kf1 R8e6 26.Nb2 Bd2 27.f3 Bxe1 
28.fxe4 Bc3 29.Na4 Bxe4 30.Qb5 Qg3 0-1

[Event "32nd NED-ch"]
[Site "Leeuwarden NED"]
[Date "1976.04.16"]
[Round "2"]
[White "Baljon, Christofoor"]
[Black "Enklaar, Bertus"]
[Result "0-1"]
[WhiteElo "2210"]
[BlackElo "2410"]
[EventDate "1976.04.15"]
[PlyCount "146"]

1.e4 d5 2.exd5 Nf6 3.d4 Nxd5 4.Be2 g6 5.c4 Nb6 6.Nc3 Bg7 7.Nf3 O-O 8.O-O 
Bg4 9.c5 N6d7 10.h3 Bxf3 11.Bxf3 c6 12.Rb1 e5 13.Be3 exd4 14.Bxd4 Ne5 15.
Be2 Nf3+ 16.Bxf3 Bxd4 17.Ne4 Be5 18.b4 Nd7 19.Qb3 Qc7 20.Rfd1 Rad8 21.b5 
cxb5 22.Qxb5 b6 23.cxb6 Nxb6 24.a4 Rxd1+ 25.Rxd1 Rb8 26.g3 h6 27.Kg2 Kg7 
28.Nc5 Nd5 29.Na6 Rxb5 30.Nxc7 Ne3+ 31.Kg1 Rc5 32.Ne6+ fxe6 33.Rd7+ Kf6 
34.fxe3 Bxg3 35.Rxa7 Rc3 36.Kg2 Bh4 37.a5 Rc2+ 38.Kh1 Bf2 39.Ra6 Rc5 40.e4
Be1 41.Be2 h5 42.Kg2 Bxa5 43.Bd3 Ke5 44.Bb1 Rb5 45.Bd3 Rb2+ 46.Kf3 Bb6 47.
Bc4 g5 48.Ba2 Rb4 49.Kg3 Kf6 50.Kf3 Rb2 51.Ra8 Rh2 52.e5+ Kxe5 53.Kg3 Rd2 
54.Ra6 Rd6 55.Bc4 Rc6 56.Be2 Kf5 57.Kg2 g4 58.hxg4+ hxg4 59.Bd3+ Kg5 60.
Bb5 Rd6 61.Kg3 e5 62.Ra8 Bd8 63.Rc8 Rd4 64.Rb8 Ba5 65.Rg8+ Kf5 66.Rf8+ Ke6
67.Rf1 Re4 68.Ba6 Be1+ 69.Kg2 Re3 70.Bc8+ Kd5 71.Bxg4 Rg3+ 72.Kh2 Rxg4 73.
Rxe1 e4 0-1

[Event "32nd NED-ch"]
[Site "Leeuwarden NED"]
[Date "1976.04.16"]
[Round "2"]
[White "Donner, Jan"]
[Black "Van der Weide, Piet"]
[Result "1-0"]
[WhiteElo "2475"]
[BlackElo "2290"]
[EventDate "1976.04.15"]
[PlyCount "133"]

1.d4 f5 2.c4 Nf6 3.Nc3 d6 4.Bg5 Nbd7 5.Qc2 g6 6.e4 fxe4 7.Nxe4 Bg7 8.Nf3 
O-O 9.Be2 c6 10.O-O Nxe4 11.Qxe4 Nf6 12.Qe3 Bf5 13.h3 Qb6 14.Bd3 Bxd3 15.
Qxd3 Rae8 16.Rae1 e6 17.Re2 Nh5 18.Rfe1 Nf4 19.Bxf4 Rxf4 20.Rxe6 Rxe6 21.
Rxe6 Qxb2 22.Qe3 Rf8 23.Re7 Qxa2 24.Qe6+ Kh8 25.Qxd6 Qxc4 26.Rxb7 a5 27.
Kh2 Qc1 28.Rb8 Kg8 29.Qe6+ Kh8 30.Rxf8+ Bxf8 31.Qf6+ Kg8 32.Ne5 Qa3 33.
Qxc6 Qd6 34.Qc4+ Kh8 35.g3 Qb4 36.Qf7 Qe7 37.Qc4 Qb4 38.Qc8 a4 39.Nd3 Qd6 
40.Nc5 a3 41.Qa8 Qf6 42.Ne4 Qf5 43.d5 Kg7 44.d6 a2 45.Qa7+ Kh6 46.d7 Be7 
47.Nd6 Qd5 48.d8=Q Bxd8 49.Nf7+ Qxf7 50.Qxf7 a1=Q 51.Qf8+ Qg7 52.Qxd8 Qa7 
53.Qf6 Qc7 54.Qf4+ Qxf4 55.gxf4 Kg7 56.Kg3 Kf6 57.Kg4 h6 58.h4 h5+ 59.Kg3 
Ke6 60.Kg2 Kf6 61.f3 Kf5 62.Kg3 Kf6 63.Kf2 Kf5 64.Ke3 Kf6 65.Ke4 Ke6 66.
f5+ gxf5+ 67.Kd4 1-0

[Event "32nd NED-ch"]
[Site "Leeuwarden NED"]
[Date "1976.04.16"]
[Round "2"]
[White "Hartoch, Robert"]
[Black "Van der Vliet, Fredrik"]
[Result "1/2-1/2"]
[WhiteElo "2365"]
[BlackElo "2320"]
[EventDate "1976.04.15"]
[PlyCount "34"]

1.e4 c5 2.Nc3 d6 3.g3 Nc6 4.Bg2 g6 5.d3 Bg7 6.Be3 Rb8 7.Qd2 b5 8.f4 b4 9.
Nd1 e6 10.Nf3 Nd4 11.O-O Ne7 12.h3 O-O 13.Kh2 Bd7 14.Bf2 f5 15.exf5 exf5 
16.Re1 Nxf3+ 17.Bxf3 Bc6 1/2-1/2

[Event "32nd NED-ch"]
[Site "Leeuwarden NED"]
[Date "1976.04.16"]
[Round "2"]
[White "Ligterink, Gert"]
[Black "Timman, Jan"]
[Result "1/2-1/2"]
[WhiteElo "2400"]
[BlackElo "2550"]
[EventDate "1976.04.15"]
[PlyCount "52"]

1.e4 d6 2.d4 Nf6 3.Nc3 g6 4.f4 Bg7 5.Nf3 O-O 6.Be2 c5 7.dxc5 Qa5 8.O-O 
Qxc5+ 9.Kh1 Nc6 10.Qe1 Bg4 11.Bd3 Nd7 12.Bd2 Qh5 13.Nd5 Nc5 14.Bc3 e5 15.
fxe5 dxe5 16.Bc4 Kh8 17.h3 Bxf3 18.Rxf3 Nd4 19.Bxd4 exd4 20.Nf4 Qg5 21.Nd3
Rae8 22.Nxc5 Qxc5 23.Bxf7 Re5 24.Qf2 Rxe4 25.Bb3 Rfe8 26.Rf1 Re2 1/2-1/2

[Event "32nd NED-ch"]
[Site "Leeuwarden NED"]
[Date "1976.04.16"]
[Round "2"]
[White "Witt, Rob"]
[Black "Ree, Hans"]
[Result "1/2-1/2"]
[WhiteElo "2260"]
[BlackElo "2420"]
[EventDate "1976.04.15"]
[PlyCount "114"]

1.d4 d5 2.c4 e6 3.Nc3 c5 4.e3 Nf6 5.Nf3 Nc6 6.a3 cxd4 7.exd4 Be7 8.Bd3 
dxc4 9.Bxc4 O-O 10.O-O a6 11.b4 b5 12.Bb3 Bb7 13.Bb2 Qb6 14.Qe2 Rfe8 15.
Rad1 Rad8 16.Rd2 Bf8 17.Rfd1 g6 18.Qf1 Ne7 19.Ne5 Bg7 20.Ne2 Nf5 21.Ng3 
Nh4 22.f3 Nd5 23.Re1 Nf4 24.Bd1 Nf5 25.Qf2 Nd6 26.Bb3 Bd5 27.Bxd5 exd5 28.
Ne2 Bxe5 29.dxe5 Qxf2+ 30.Kxf2 Nc4 31.Nxf4 Nxd2 32.Bd4 Nc4 33.Re2 h6 34.
Nd3 a5 35.bxa5 Nxa5 36.Rb2 Nc6 37.Bb6 Rb8 38.Bc7 Rb7 39.Bd6 Rc8 40.Nf4 d4 
41.Nd5 Kg7 42.Rd2 Ra8 43.f4 Ra4 44.Nb4 Nxb4 45.Bxb4 Rd7 46.Kf3 Ra6 47.Ke4 
f5+ 48.Kd3 Rc6 49.Bd6 Kf7 50.Rb2 Ke6 51.Rxb5 Rc3+ 52.Kxd4 Rxa3 53.Rb2 Ra4+
54.Ke3 Rda7 55.Bf8 Ra2 56.Rb6+ Kf7 57.Rf6+ Kg8 1/2-1/2

[Event "32nd NED-ch"]
[Site "Leeuwarden NED"]
[Date "1976.04.18"]
[Round "3"]
[White "Enklaar, Bertus"]
[Black "Kuijpers, Franciscus"]
[Result "0-1"]
[WhiteElo "2410"]
[BlackElo "2430"]
[EventDate "1976.04.15"]
[PlyCount "90"]

1.e4 e5 2.Nf3 Nc6 3.Bb5 a6 4.Ba4 d6 5.O-O Bd7 6.d4 Nf6 7.Bxc6 Bxc6 8.Re1 
Be7 9.Nc3 exd4 10.Nxd4 O-O 11.Nf5 Bd7 12.Nxe7+ Qxe7 13.Bg5 Qe5 14.Bxf6 
Qxf6 15.e5 Qg5 16.Nd5 dxe5 17.Qc1 Qxc1 18.Raxc1 f6 19.Nxc7 Rad8 20.Red1 
Kf7 21.Nd5 Be6 22.Nc3 Bf5 23.Kf1 Rfe8 24.Ke1 Rd4 25.a3 g5 26.h3 h5 27.Ne2 
Rxd1+ 28.Kxd1 Be4 29.f3 Bc6 30.Ng3 Kg6 31.Ke2 Rd8 32.Nf1 f5 33.b3 h4 34.
Nh2 Kh5 35.c4 e4 36.Rc3 Re8 37.Kf2 Rd8 38.Ke2 Rd4 39.fxe4 Rxe4+ 40.Kf1 
Rf4+ 41.Kg1 Rd4 42.Nf1 Rd1 43.g3 hxg3 44.Rxg3 Ra1 45.a4 Ra2 0-1

[Event "32nd NED-ch"]
[Site "Leeuwarden NED"]
[Date "1976.04.18"]
[Round "3"]
[White "Ree, Hans"]
[Black "Donner, Jan"]
[Result "1/2-1/2"]
[WhiteElo "2420"]
[BlackElo "2475"]
[EventDate "1976.04.15"]
[PlyCount "55"]

1.e4 e6 2.d4 d5 3.Nc3 Nf6 4.e5 Nfd7 5.f4 c5 6.Nf3 Nc6 7.Be3 cxd4 8.Nxd4 
Nb6 9.Qd2 Bd7 10.Bd3 Nxd4 11.Bxd4 Nc4 12.Bxc4 dxc4 13.O-O-O Be7 14.Qf2 Qa5
15.Kb1 Bc6 16.f5 exf5 17.Qxf5 O-O 18.Ne4 Qd5 19.Rhe1 Qe6 20.Qf4 Rfd8 21.
Bc3 Rxd1+ 22.Rxd1 Rd8 23.Rxd8+ Bxd8 24.a3 Bc7 25.g3 h6 26.Nd6 Bxd6 27.exd6
b6 28.g4 1/2-1/2

[Event "32nd NED-ch"]
[Site "Leeuwarden NED"]
[Date "1976.04.18"]
[Round "3"]
[White "Van der Vliet, Fredrik"]
[Black "Baljon, Christofoor"]
[Result "1-0"]
[WhiteElo "2320"]
[BlackElo "2210"]
[EventDate "1976.04.15"]
[PlyCount "82"]

1.Nf3 g6 2.g3 Bg7 3.d4 Nf6 4.Bg2 O-O 5.O-O d6 6.c4 Nbd7 7.Nc3 e5 8.e4 c6 
9.h3 Re8 10.Re1 Qb6 11.d5 c5 12.a3 Qd8 13.Nb5 Nf8 14.b4 b6 15.bxc5 bxc5 
16.Rb1 Re7 17.Bd2 Ne8 18.Qa4 Rb7 19.Nc3 Rab8 20.Rxb7 Rxb7 21.Rb1 Rxb1+ 22.
Nxb1 Qb6 23.Qb5 f5 24.Ba5 Qb7 25.Nc3 Nd7 26.exf5 gxf5 27.Nh4 f4 28.Nf5 Bf8
29.Qxb7 Bxb7 30.Bf1 Bc8 31.Bd8 Kf7 32.Bd3 Ndf6 33.g4 Bd7 34.f3 h6 35.Kf2 
Ng8 36.Ke2 Ne7 37.Nh4 Ng8 38.Bg6+ Kg7 39.Bf5 Bxf5 40.Nxf5+ Kf7 41.Nb5 a6 
1-0

[Event "32nd NED-ch"]
[Site "Leeuwarden NED"]
[Date "1976.04.18"]
[Round "3"]
[White "Van der Weide, Piet"]
[Black "Hartoch, Robert"]
[Result "1/2-1/2"]
[WhiteElo "2290"]
[BlackElo "2365"]
[EventDate "1976.04.15"]
[PlyCount "86"]

1.e4 c5 2.Nf3 d6 3.c3 Nf6 4.Bc4 e6 5.Qe2 Be7 6.Bb3 O-O 7.O-O b6 8.Re1 Ba6 
9.d3 Nc6 10.Nbd2 Re8 11.Nf1 Bf8 12.h3 g6 13.Bd2 Bg7 14.Rad1 Qc7 15.Bf4 Nd7
16.N1h2 Nde5 17.Qe3 Rac8 18.Ng4 Nxg4 19.hxg4 Ne5 20.Nxe5 dxe5 21.Bg5 Qd6 
22.Rd2 Bb5 23.Red1 Rc7 24.f4 exf4 25.Bxf4 Be5 26.g3 Rd7 27.d4 Bxf4 28.gxf4
Red8 29.d5 c4 30.Bc2 exd5 31.Rxd5 Qe7 32.Rxd7 Rxd7 33.Rxd7 Bxd7 34.g5 Qe6 
35.Kf2 Qg4 36.Qg3 Qe6 37.f5 Qe8 38.Qd6 Bc6 39.e5 Bd7 40.f6 Qc8 41.Be4 Be6 
42.Kg3 h6 43.gxh6 Kh7 1/2-1/2

[Event "32nd NED-ch"]
[Site "Leeuwarden NED"]
[Date "1976.04.19"]
[Round "4"]
[White "Baljon, Christofoor"]
[Black "Van der Weide, Piet"]
[Result "1-0"]
[WhiteElo "2210"]
[BlackElo "2290"]
[EventDate "1976.04.15"]
[PlyCount "115"]

1.e4 e5 2.Nf3 d6 3.d4 exd4 4.Qxd4 Nf6 5.Bg5 Be7 6.Nc3 O-O 7.O-O-O Be6 8.
Kb1 a6 9.Be2 c5 10.Qd2 Nc6 11.Bxf6 Bxf6 12.Qxd6 Qb6 13.e5 Rad8 14.Na4 Rxd6
15.Nxb6 Rxd1+ 16.Rxd1 Nxe5 17.Nxe5 Bxe5 18.Nd7 Bxd7 19.Rxd7 Bxh2 20.a4 Rb8
21.a5 h5 22.Bxh5 Be5 23.Bxf7+ Kf8 24.Bg6 b6 25.Rf7+ Kg8 26.Rf5 Bf6 27.c3 
c4 28.axb6 Rxb6 29.Ka2 Kf8 30.g4 Ke7 31.Bh7 Bh4 32.Bg8 Rf6 33.Rxf6 Kxf6 
34.f4 Bg3 35.Bxc4 a5 36.f5 Kg5 37.Be2 Kf4 38.Ka3 Ke3 39.Bd1 Kd2 40.Ba4 Kd3
41.Kb3 Bh4 42.Be8 Ke4 43.Kc4 Bg5 44.Kb5 Bc1 45.b3 Bd2 46.c4 Kf4 47.Bd7 Ke5
48.c5 Be3 49.c6 Kd6 50.Kxa5 Bf2 51.Ka6 Kc7 52.b4 Bd4 53.g5 Be5 54.b5 Bd4 
55.g6 Kb8 56.b6 Bxb6 57.Kxb6 Ka8 58.f6 1-0

[Event "32nd NED-ch"]
[Site "Leeuwarden NED"]
[Date "1976.04.19"]
[Round "4"]
[White "Donner, Jan"]
[Black "Hartoch, Robert"]
[Result "1-0"]
[WhiteElo "2475"]
[BlackElo "2365"]
[EventDate "1976.04.15"]
[PlyCount "83"]

1.d4 Nf6 2.c4 c5 3.d5 g6 4.Nc3 Bg7 5.e4 d6 6.Bd3 O-O 7.h3 e6 8.Nf3 exd5 9.
exd5 Re8+ 10.Be3 Bh6 11.O-O Bxe3 12.fxe3 Kg7 13.Qd2 Nbd7 14.Rf2 Ng8 15.
Raf1 f6 16.Ne4 Qe7 17.Qc3 Rf8 18.b4 b6 19.bxc5 Nxc5 20.Nxc5 bxc5 21.e4 Bd7
22.g4 Rab8 23.Kh2 h6 24.Rg2 Kh8 25.Nh4 Be8 26.Rb2 Bf7 27.Rfb1 Rxb2+ 28.
Rxb2 Rc8 29.Nf3 Kh7 30.h4 Rc7 31.g5 Be8 32.Rg2 fxg5 33.hxg5 Qf8 34.Rg3 Rf7
35.gxh6 Qxh6+ 36.Kg2 Rxf3 37.Rxf3 Qg5+ 38.Rg3 Qf4 39.e5 dxe5 40.Qc2 Ne7 
41.Qf2 Kh6 42.Re3 1-0

[Event "32nd NED-ch"]
[Site "Leeuwarden NED"]
[Date "1976.04.19"]
[Round "4"]
[White "Kuijpers, Franciscus"]
[Black "Van der Vliet, Fredrik"]
[Result "1/2-1/2"]
[WhiteElo "2430"]
[BlackElo "2320"]
[EventDate "1976.04.15"]
[PlyCount "60"]

1.e4 c5 2.Nf3 d6 3.d4 cxd4 4.Nxd4 Nf6 5.Nc3 a6 6.Be2 e6 7.f4 Be7 8.O-O O-O
9.Kh1 Qc7 10.Bf3 Nc6 11.a4 Nxd4 12.Qxd4 e5 13.Qf2 exf4 14.Bxf4 Be6 15.Rfd1
Nd7 16.Nd5 Bxd5 17.Rxd5 Ne5 18.c3 Rad8 19.a5 Bf6 20.Ra4 Nc6 21.Bd1 Be5 22.
Be3 Qd7 23.Bb3 Kh8 24.Rd1 Rde8 25.Rf1 Bf6 26.Bc2 Qe7 27.Qf5 Be5 28.Bg5 Qc7
29.Rfa1 Re6 30.Bb3 Rg6 1/2-1/2

[Event "32nd NED-ch"]
[Site "Leeuwarden NED"]
[Date "1976.04.19"]
[Round "4"]
[White "Ligterink, Gert"]
[Black "Enklaar, Bertus"]
[Result "1-0"]
[WhiteElo "2400"]
[BlackElo "2410"]
[EventDate "1976.04.15"]
[PlyCount "77"]

1.e4 c5 2.Nf3 e6 3.d4 cxd4 4.Nxd4 Nf6 5.Nc3 d6 6.f4 a6 7.Be3 Qc7 8.g4 h6 
9.Bg2 Nc6 10.h3 Be7 11.Qe2 Nxd4 12.Bxd4 e5 13.Be3 Be6 14.O-O-O Bc4 15.Qd2 
Rc8 16.Kb1 b5 17.Nd5 Bxd5 18.exd5 exf4 19.Bxf4 O-O 20.Bf3 Qd7 21.Rhg1 Rc4 
22.g5 hxg5 23.Bxg5 Qxh3 24.Qe2 Bd8 25.Rh1 Qf5 26.Rdg1 Nh7 27.Bxd8 Rxd8 28.
Rh5 g5 29.Rgh1 Nf8 30.Qh2 Qg6 31.Rh8+ Kg7 32.Rg8+ Kf6 33.Rxg6+ Nxg6 34.Be2
Rh4 35.Qf2+ Rf4 36.Qb6 Rd7 37.Qxa6 b4 38.Bb5 Rd8 39.Qb6 1-0

[Event "32nd NED-ch"]
[Site "Leeuwarden NED"]
[Date "1976.04.20"]
[Round "5"]
[White "Enklaar, Bertus"]
[Black "Witt, Rob"]
[Result "1-0"]
[WhiteElo "2410"]
[BlackElo "2260"]
[EventDate "1976.04.15"]
[PlyCount "111"]

1.e4 e6 2.d4 d5 3.Nc3 Bb4 4.e5 c5 5.a3 Bxc3+ 6.bxc3 Ne7 7.Nf3 b6 8.Bb5+ 
Bd7 9.a4 Bxb5 10.axb5 a5 11.O-O Nd7 12.Ba3 Qc7 13.Qd3 Rc8 14.c4 dxc4 15.
Qxc4 cxd4 16.Qxd4 Nc5 17.Rfd1 O-O 18.h4 Rfd8 19.Qc4 Nd5 20.Nd4 Ne7 21.Nb3 
Rd5 22.Nxc5 bxc5 23.Bb2 h6 24.Rdb1 Ra8 25.Bc3 Ng6 26.b6 Qb7 27.Rb5 Nxe5 
28.Qf4 Nc6 29.Qc7 Rd7 30.Qg3 Nd4 31.Kh1 f6 32.Rbxa5 Rxa5 33.Bxa5 Nxc2 34.
Rc1 Qd5 35.Qg6 Nd4 36.h5 Kf8 37.Rb1 c4 38.Bb4+ Kg8 39.Qe8+ Kh7 40.Qg6+ Kg8
41.Bc3 Nb3 42.Bxf6 Qd3 43.Be5 Qxg6 44.hxg6 Kf8 45.Bc7 Nc5 46.b7 Nxb7 47.
Rxb7 Ke7 48.Ra7 Rd1+ 49.Kh2 Kf6 50.Ba5 Rc1 51.Bd2 Rc2 52.Bxh6 Kxg6 53.Be3 
e5 54.Kg3 Rb2 55.Rc7 Rb4 56.Kf3 1-0

[Event "32nd NED-ch"]
[Site "Leeuwarden NED"]
[Date "1976.04.20"]
[Round "5"]
[White "Hartoch, Robert"]
[Black "Baljon, Christofoor"]
[Result "1/2-1/2"]
[WhiteElo "2365"]
[BlackElo "2210"]
[EventDate "1976.04.15"]
[PlyCount "34"]

1.e4 c5 2.Nc3 Nc6 3.Nf3 d6 4.d4 cxd4 5.Nxd4 Nf6 6.Be2 e5 7.Nb3 Be7 8.O-O 
O-O 9.f4 b6 10.fxe5 dxe5 11.Nd5 Nxe4 12.Bf3 f5 13.Bxe4 fxe4 14.Nxe7+ Nxe7 
15.Qxd8 Rxd8 16.Bg5 Rd7 17.Bxe7 Rxe7 1/2-1/2

[Event "32nd NED-ch"]
[Site "Leeuwarden NED"]
[Date "1976.04.20"]
[Round "5"]
[White "Van der Vliet, Fredrik"]
[Black "Ligterink, Gert"]
[Result "1-0"]
[WhiteElo "2320"]
[BlackElo "2400"]
[EventDate "1976.04.15"]
[PlyCount "75"]

1.Nf3 Nf6 2.g3 g6 3.Bg2 Bg7 4.O-O O-O 5.d4 d6 6.c4 Nbd7 7.Nc3 e5 8.e4 a6 
9.Qc2 b5 10.dxe5 dxe5 11.Rd1 b4 12.Nd5 Rb8 13.b3 c6 14.Nxf6+ Qxf6 15.a3 
bxa3 16.Bxa3 c5 17.Rd5 Re8 18.Rad1 Qc6 19.Qd3 Qb6 20.Nd2 Bh6 21.Bh3 Nf6 
22.Rd6 Qa5 23.Bxc8 Rbxc8 24.Rxf6 Rcd8 25.Qc2 Qxa3 26.Nf3 Bg7 27.Rfd6 Rxd6 
28.Rxd6 Rb8 29.Kg2 h6 30.Rd3 a5 31.Nd2 Qb4 32.Nf1 h5 33.Ne3 Bh6 34.Nd5 Qb7
35.Qc3 Bg7 36.Qxa5 Rc8 37.Qb6 Rb8 38.Qxc5 1-0

[Event "32nd NED-ch"]
[Site "Leeuwarden NED"]
[Date "1976.04.20"]
[Round "5"]
[White "Van der Weide, Piet"]
[Black "Kuijpers, Franciscus"]
[Result "1/2-1/2"]
[WhiteElo "2290"]
[BlackElo "2430"]
[EventDate "1976.04.15"]
[PlyCount "130"]

1.e4 c5 2.Nf3 d6 3.d4 cxd4 4.Nxd4 Nf6 5.Nc3 e6 6.f4 Be7 7.Qf3 Nc6 8.Be3 e5
9.Nde2 Ng4 10.Bg1 exf4 11.Nxf4 Nge5 12.Qe3 O-O 13.O-O-O Be6 14.Kb1 Re8 15.
Ncd5 Bf8 16.Qg3 Kh8 17.Bb5 Qa5 18.Qb3 Bd7 19.h3 Rab8 20.a4 f5 21.exf5 Bxf5
22.Bf2 Nd7 23.g4 Be4 24.Rhe1 a6 25.Bf1 Nc5 26.Qc3 Qxa4 27.Nb6 Qb4 28.Nfd5 
Qxc3 29.Nxc3 Bf3 30.Rc1 Rbd8 31.Nbd5 Ne4 32.Bh4 Nxc3+ 33.Nxc3 Rc8 34.Bd3 
Rxe1 35.Rxe1 Ne5 36.Bf5 Re8 37.Ne4 Ng6 38.Ng5 Rxe1+ 39.Bxe1 Bd5 40.Bxg6 
hxg6 41.Kc1 Be7 42.h4 Kg8 43.Kd2 Bc6 44.Ke3 Bd7 45.Kf4 Bf6 46.b3 Be5+ 47.
Kf3 Kf8 48.Ne4 Ke7 49.Ba5 Ke6 50.Bb6 Bc6 51.Ke3 Kd7 52.Ba5 Bd5 53.Bb6 Bh2 
54.Ba5 Bg1+ 55.Kf4 Bh2+ 56.Ng3 Be4 57.Kxe4 Bxg3 58.Kd5 Bxh4 59.c4 Bf6 60.
Bd2 Be5 61.Be3 Bc3 62.Bf4 Bb4 63.Be3 Bc3 64.Bf4 Bb4 65.Be3 Bc3 1/2-1/2

[Event "32nd NED-ch"]
[Site "Leeuwarden NED"]
[Date "1976.04.21"]
[Round "6"]
[White "Donner, Jan"]
[Black "Baljon, Christofoor"]
[Result "1-0"]
[WhiteElo "2475"]
[BlackElo "2210"]
[EventDate "1976.04.15"]
[PlyCount "99"]

1.d4 Nf6 2.c4 g6 3.g3 Bg7 4.Bg2 d6 5.Nf3 O-O 6.O-O Nbd7 7.Qc2 e5 8.Rd1 Re8
9.Nc3 c6 10.e4 Qe7 11.d5 a5 12.Ne1 cxd5 13.cxd5 Nc5 14.Be3 Nfd7 15.b3 Rf8 
16.a3 f5 17.f3 fxe4 18.fxe4 Na6 19.Nd3 Nf6 20.h3 Bd7 21.Qd2 Nh5 22.Kh2 Rf7
23.Rf1 Bf6 24.a4 g5 25.Bf3 Ng7 26.Nb5 h5 27.g4 hxg4 28.Bxg4 Bxg4 29.hxg4 
Ne8 30.Kg3 Nac7 31.Na3 Rh7 32.Nf2 Rh4 33.Nc4 Qg7 34.Rh1 Qh6 35.Rxh4 gxh4+ 
36.Kh3 Qg6 37.g5 Be7 38.Kxh4 Ng7 39.Qe2 Qh6+ 40.Kg3 Bxg5 41.Bxg5 Qxg5+ 42.
Qg4 Qxg4+ 43.Nxg4 Ra6 44.Kh4 Nge8 45.Kg5 Kh7 46.Nf6+ Nxf6 47.Kxf6 b5 48.
Ne3 bxa4 49.bxa4 Ra8 50.Nf5 1-0

[Event "32nd NED-ch"]
[Site "Leeuwarden NED"]
[Date "1976.04.21"]
[Round "6"]
[White "Kuijpers, Franciscus"]
[Black "Hartoch, Robert"]
[Result "1/2-1/2"]
[WhiteElo "2430"]
[BlackElo "2365"]
[EventDate "1976.04.15"]
[PlyCount "41"]

1.e4 c5 2.Nf3 d6 3.d4 cxd4 4.Nxd4 Nf6 5.Nc3 e6 6.Be2 Be7 7.O-O O-O 8.f4 
Nc6 9.Be3 e5 10.Nb3 exf4 11.Bxf4 Be6 12.Bf3 Re8 13.Kh1 Bxb3 14.axb3 Ne5 
15.Rf2 Qb6 16.Rd2 h6 17.h3 a6 18.Qg1 Qc7 19.Qf2 b5 20.Re1 b4 21.Nd1 
1/2-1/2

[Event "32nd NED-ch"]
[Site "Leeuwarden NED"]
[Date "1976.04.21"]
[Round "6"]
[White "Ligterink, Gert"]
[Black "Van der Weide, Piet"]
[Result "1-0"]
[WhiteElo "2400"]
[BlackElo "2290"]
[EventDate "1976.04.15"]
[PlyCount "77"]

1.e4 e5 2.Nf3 d6 3.Nc3 c5 4.g3 Nc6 5.Bg2 g6 6.O-O Bg7 7.d3 Nge7 8.Nd2 Be6 
9.Nc4 Qd7 10.Nd5 O-O 11.Bh6 f6 12.Bxg7 Kxg7 13.Qd2 Nd8 14.c3 Rc8 15.f4 
Nxd5 16.exd5 Bf5 17.fxe5 dxe5 18.Qf2 Nf7 19.Ne3 Bxd3 20.Qxf6+ Kg8 21.Rf2 
e4 22.Qh4 Qd8 23.Qg4 Qg5 24.Re1 h5 25.Qxg5 Nxg5 26.Rf4 Rce8 27.c4 Nf7 28.
b3 Ne5 29.Nd1 b5 30.cxb5 c4 31.bxc4 Rxf4 32.gxf4 Nxc4 33.Nf2 Rf8 34.Bxe4 
Bxe4 35.Rxe4 Nd2 36.Ra4 Rd8 37.Rxa7 Rxd5 38.b6 Nf3+ 39.Kg2 1-0

[Event "32nd NED-ch"]
[Site "Leeuwarden NED"]
[Date "1976.04.21"]
[Round "6"]
[White "Ree, Hans"]
[Black "Enklaar, Bertus"]
[Result "1-0"]
[WhiteElo "2420"]
[BlackElo "2410"]
[EventDate "1976.04.15"]
[PlyCount "112"]

1.d4 Nf6 2.c4 c5 3.d5 e6 4.Nc3 exd5 5.cxd5 d6 6.e4 g6 7.Bf4 a6 8.Nf3 b5 9.
Bd3 Bg4 10.h3 Bxf3 11.Qxf3 Bg7 12.O-O O-O 13.Rfe1 Re8 14.g4 Ra7 15.Qg3 Rd7
16.Rac1 h6 17.Bd2 Rde7 18.Bf4 Rd7 19.a3 Nh7 20.b4 c4 21.Bc2 Nf8 22.a4 g5 
23.Bd2 Rb7 24.Nd1 Be5 25.f4 gxf4 26.Bxf4 Bxf4 27.Qxf4 Qh4 28.Ne3 Ng6 29.
Qxd6 Qxh3 30.Qh2 Qxh2+ 31.Kxh2 Ne5 32.Kg3 Rb6 33.Rh1 Rg6 34.Rh5 Nbd7 35.
Rch1 Nd3 36.Bxd3 cxd3 37.Kf4 Nf6 38.Re5 bxa4 39.Rxe8+ Nxe8 40.Ra1 Rf6+ 41.
Nf5 d2 42.Rd1 a3 43.Rxd2 Rb6 44.Ne7+ Kf8 45.Nc6 Nd6 46.e5 Nc4 47.Rc2 Nb2 
48.Rc3 a2 49.Ra3 Nd3+ 50.Kf5 Nxb4 51.Nxb4 Rxb4 52.Rxa2 Rb6 53.d6 Rb1 54.
Rxa6 Rd1 55.Ra8+ Kg7 56.Ra7 Kf8 1-0

[Event "32nd NED-ch"]
[Site "Leeuwarden NED"]
[Date "1976.04.21"]
[Round "6"]
[White "Witt, Rob"]
[Black "Van der Vliet, Fredrik"]
[Result "0-1"]
[WhiteElo "2260"]
[BlackElo "2320"]
[EventDate "1976.04.15"]
[PlyCount "50"]

1.d4 Nf6 2.c4 c5 3.d5 e5 4.Nc3 d6 5.e4 Nbd7 6.g3 g6 7.Bg2 Bg7 8.Nf3 a6 9.
a4 O-O 10.O-O Ne8 11.Ne1 f5 12.Nd3 Ndf6 13.Qe2 Nc7 14.a5 Rb8 15.b4 cxb4 
16.Nxb4 fxe4 17.Nxe4 Nxe4 18.Bxe4 Ne8 19.Be3 Nf6 20.f3 Bh3 21.Rf2 Nxe4 22.
fxe4 Rxf2 23.Qxf2 Qd7 24.Nd3 Qg4 25.Qe1 Qxe4 0-1

[Event "32nd NED-ch"]
[Site "Leeuwarden NED"]
[Date "1976.04.22"]
[Round "7"]
[White "Baljon, Christofoor"]
[Black "Kuijpers, Franciscus"]
[Result "1/2-1/2"]
[WhiteElo "2210"]
[BlackElo "2430"]
[EventDate "1976.04.15"]
[PlyCount "51"]

1.e4 e5 2.Nf3 Nc6 3.Bc4 Nf6 4.Ng5 d5 5.exd5 Na5 6.Bb5+ c6 7.dxc6 bxc6 8.
Be2 h6 9.Nh3 Bd6 10.d4 Qc7 11.dxe5 Bxe5 12.Ng1 Qb6 13.Nc3 Bd4 14.Na4 Bxf2+
15.Kf1 Qd4 16.Qxd4 Bxd4 17.Nf3 Bb6 18.Nxb6 axb6 19.b4 Nb7 20.Ne5 Bf5 21.
Bf3 Be4 22.Bxe4 Nxe4 23.Nxc6 Rc8 24.b5 Nd8 25.Nd4 Ne6 26.Nc6 1/2-1/2

[Event "32nd NED-ch"]
[Site "Leeuwarden NED"]
[Date "1976.04.22"]
[Round "7"]
[White "Enklaar, Bertus"]
[Black "Timman, Jan"]
[Result "0-1"]
[WhiteElo "2410"]
[BlackElo "2550"]
[EventDate "1976.04.15"]
[PlyCount "98"]

1.e4 d6 2.d4 Nf6 3.Nc3 g6 4.f3 c6 5.Be3 b5 6.Qd2 Nbd7 7.O-O-O Qa5 8.Kb1 
Ba6 9.g4 b4 10.Nce2 Nb6 11.b3 h5 12.gxh5 Nxh5 13.Bg2 Bg7 14.f4 Nf6 15.c3 
bxc3 16.Nxc3 Ng4 17.e5 d5 18.Nf3 e6 19.Bf1 Bxf1 20.Rhxf1 Bf8 21.Bg1 Bb4 
22.Rc1 Rb8 23.Ka1 Nh6 24.Bf2 Nf5 25.h4 Qa6 26.Qd1 Qb7 27.Ne1 a5 28.Nd3 Be7
29.Rh1 Rh5 30.Ne2 Kd7 31.Ng3 Nxg3 32.Bxg3 a4 33.bxa4 Qa7 34.Bf2 Nc4 35.Rc3
Kc7 36.Qc2 Qa6 37.Rb3 Rhh8 38.Rc1 Rb6 39.Be1 Ra8 40.Rxb6 Qxb6 41.Bf2 Qa6 
42.Rh1 Na3 43.Qc3 Qxa4 44.Rc1 Nc4 45.Rc2 Qb5 46.Nc1 Bb4 47.Qf3 Ra3 48.Nb3 
Nd2 49.Qd1 Nxb3+ 0-1

[Event "32nd NED-ch"]
[Site "Leeuwarden NED"]
[Date "1976.04.22"]
[Round "7"]
[White "Van der Vliet, Fredrik"]
[Black "Ree, Hans"]
[Result "0-1"]
[WhiteElo "2320"]
[BlackElo "2420"]
[EventDate "1976.04.15"]
[PlyCount "85"]

1.Nf3 c5 2.g3 Nc6 3.d4 cxd4 4.Nxd4 g6 5.Bg2 Bg7 6.Nb3 d6 7.O-O Be6 8.h3 
Qd7 9.Kh2 f5 10.Nc3 Nf6 11.Re1 O-O 12.f4 Rac8 13.Be3 Kh8 14.Qd2 Bg8 15.
Rad1 Qc7 16.Bg1 d5 17.Qe3 Rcd8 18.Nb5 Qb8 19.Nxa7 Ne4 20.Nxc6 bxc6 21.c3 
e5 22.Qb6 Qxb6 23.Bxb6 Ra8 24.Ra1 Ra6 25.Bc7 exf4 26.gxf4 Rc8 27.Be5 Bxe5 
28.fxe5 Re8 29.Bxe4 dxe4 30.Nc5 Rxa2 31.Rxa2 Bxa2 32.Nd7 Re7 33.Rd1 Bd5 
34.Nf6 Bb3 35.Rd7 Rxd7 36.Nxd7 f4 37.Nc5 Bd5 38.Kg1 e3 39.h4 h6 40.Nd3 g5 
41.hxg5 hxg5 42.Nc5 Bc4 43.Ne4 0-1